Women in business bakalárska práca

Uložené v:
Podrobná bibliografia
Hlavný autor: Fodorová, Zuzana
Korporativný autor: Fakulta aplikovaných jazykov EU v Bratislave. Katedra jazykovedy a translatológie
Ďalší autori: Kapráliková, Ivana, 1974-
Médium: Kniha
Jazyk:English
Vydavateľské údaje: Bratislava 2015
Tagy: Pridať tag
Žiadne tagy, Buďte prvý, kto otaguje tento záznam!

MARC

LEADER 00000nbm a2200000 4500
001 0202070
005 20161212094251.0
041 0 |a eng 
044 |a SK 
245 1 0 |a Women in business  |b bakalárska práca  |c Zuzana Fodorová ; školiteľ: Ivana Kapráliková 
264 1 |a Bratislava  |c 2015 
300 |a 32 s. 
100 1 |a Fodorová, Zuzana 
700 1 |a Kapráliková, Ivana, 1974- 
710 2 |a Fakulta aplikovaných jazykov EU v Bratislave. Katedra jazykovedy a translatológie